La gestió de crisis municipals : nous reptes per als equips de govern / nous reptes per als equips de govern /
ISBN:
9788498039139
Descripción Física:
152 p. ; 24 cm.
Colección:
Temes de seguretat
; 4
Idioma:
Catalán
MARC
| LEADER | 00000nam a22000007a 4500 | ||
|---|---|---|---|
| 001 | 25130 | ||
| 008 | 220201b spa||||| |||| 00| 0 cat d | ||
| 017 | |a B 27825-2019 | ||
| 020 | |a 9788498039139 | ||
| 245 | |a La gestió de crisis municipals : |b nous reptes per als equips de govern / |c coordinació: Joan Miquel Capell i Manzanares; Meritxell Pineda i Teixidó | ||
| 260 | |a Barcelona : |b Diputació de Barcelona ; |c 2019 | ||
| 300 | |a 152 p. ; |c 24 cm. | ||
| 490 | |a Temes de seguretat |v 4 | ||
| 650 | 0 | |a Seguretat ciutadana |9 15723 | |
| 650 | 0 | |a Administració local |9 34286 | |
| 650 | 0 | |a Municipis |x Govern i administració |9 22275 | |
| 700 | |a Capell i Manzanares, Joan Miquel |9 19425 | ||
| 700 | |9 52205 |a Pineda Teixidó, Meritxell | ||
| 710 | |a Barcelona (Catalunya : Província). |b Gabinet de Prevenció i Seguretat |9 52467 | ||
| 942 | |2 udc |c ARXIU |n 1 | ||
| 952 | |0 0 |1 0 |4 0 |6 BIB402 |7 1 |9 60966 |a Arxiu |b Arxiu |d 2022-02-01 |l 0 |o Bib-402 |p 25130 |r 2022-02-01 00:00:00 |w 2022-02-01 |y ARXIU | ||
| 999 | |c 81091 |d 81091 | ||